000
00266nam a2200109Ia 4500
008
230907s9999||||xx |||||||||||||| ||und||
082
_a
363.73874
_b
HOU
100
_a
Houghton, J. T.
_9
115460
245
0
_a
Global warming :
300
_a
xvi, 380 pages :
942
_c
BK
999
_c
598446
_d
598446